| 000 | 01026nam a2200301 a 4500 | ||
|---|---|---|---|
| 001 | 3370201 | ||
| 003 | GBCCL | ||
| 005 | 20241126110332.0 | ||
| 008 | 870401s1987 miu b 000 0 eng | ||
| 010 | _a 87070876 | ||
| 020 |
_a0801038170 (pbk.) : _c$10.95 |
||
| 040 |
_aDLC _cDLC _dDLC |
||
| 050 | 0 | 0 |
_aBS480 _b.A98 1987 |
| 082 | 0 | 0 |
_a220.13 _219 _bAUT |
| 245 | 0 | 0 |
_aAuthority and interpretation : _ba Baptist perspective / _cedited by Duane A. Garrett and Richard R. Melick, Jr. |
| 260 |
_aGrand Rapids, Mich. : _bBaker Bk. House, _cc1987. |
||
| 300 |
_a220 p. ; _c22 cm. |
||
| 504 | _aIncludes bibliographical references. | ||
| 610 | 2 | 0 |
_aSouthern Baptist Convention _xDoctrines. _91796 |
| 630 | 0 | 0 |
_aBible _xEvidences, authority, etc. _9351 |
| 630 | 0 | 0 |
_aBible _xHermeneutics. _91790 |
| 650 | 0 |
_aBaptists _xDoctrines. _91797 |
|
| 700 | 1 |
_aGarrett, Duane A. _9775 |
|
| 700 | 1 |
_aMelick, Richard R. _9856 |
|
| 906 |
_a7 _bcbc _corignew _d3 _eopcn _f19 _gy-gencatlg |
||
| 942 |
_2ddc _cBK _02 |
||
| 999 |
_c178 _d178 |
||